| 000 | 00387nam a22001577a 4500 | ||
|---|---|---|---|
| 005 | 20250611083645.0 | ||
| 008 | 250611b |||||||| |||| 00| 0 eng d | ||
| 020 | _a0801034213 | ||
| 050 | _aBS525 EAR | ||
| 100 | _aEARLE RALPH | ||
| 245 | _aWORD MEANINGS IN THE NEW TESTAMENT | ||
| 250 | _bVOL 6 | ||
| 260 |
_aMICHIGAN _bBAKER BOOK HOUSE _cc1984 |
||
| 300 | _a174p | ||
| 942 |
_2lcc _cBK _n0 |
||
| 999 |
_c6405 _d6405 |
||